| Tag |
First Indicator |
Second Indicator |
Subfields |
| LEADER |
00000cam a2200000Ia 4500 |
| 001 |
in00002467155 |
| 005 |
20151110121755.0 |
| 008 |
840426s1939 txu s000 0 eng d |
| 035 |
|
|
|a (OCoLC)ocm10668482
|
| 035 |
|
|
|a (OCoLC)10668482
|
| 040 |
|
|
|a TWT
|c TWT
|d AGL
|d OCLCQ
|d TXA
|d UtOrBLW
|
| 043 |
|
|
|a n-us-tx
|
| 049 |
|
|
|a TXAM
|
| 070 |
0 |
|
|a 100
|b T31S (1) no.578
|
| 072 |
|
0 |
|a R300
|
| 072 |
|
0 |
|a E700
|
| 072 |
|
0 |
|a R000
|
| 086 |
|
|
|a Z TA245.7 B873 no.578
|2 txdocs
|
| 092 |
|
|
|a 630.7
|b T31b, no.578
|
| 100 |
1 |
|
|a Fuller, F. D.
|q (Frederick Driggs),
|d 1873-
|
| 245 |
1 |
0 |
|a Commercial feeding stuffs, September 1, 1938, to August 31, 1939 /
|c F.D. Fuller and James Sullivan.
|
| 264 |
|
1 |
|a College Station, Tex. :
|b Texas Agricultural Experiment Station,
|c 1939.
|
| 300 |
|
|
|a 205 pages ;
|c 23 cm.
|
| 336 |
|
|
|a text
|b txt
|2 rdacontent
|
| 337 |
|
|
|a unmediated
|b n
|2 rdamedia
|
| 338 |
|
|
|a volume
|b nc
|2 rdacarrier
|
| 490 |
1 |
|
|a Bulletin / Texas Agricultural Experiment Station ;
|v no. 578
|
| 500 |
|
|
|a Caption title.
|
| 650 |
|
0 |
|a Feeds
|z Texas
|x Analysis.
|
| 700 |
1 |
|
|a Sullivan, James.
|
| 830 |
|
0 |
|a Bulletin (Texas Agricultural Experiment Station) ;
|v no. 578.
|
| 994 |
|
|
|a C0
|b TXA
|
| 948 |
|
|
|a cataloged
|b h
|c 2009/06/05
|e mansari
|f 08:52:14 am
|
| 999 |
|
|
|a MARS
|
| 999 |
f |
f |
|s da8cc26b-2a1a-389f-8025-c94bd13d18d9
|i 80e579c6-73c5-32c4-bd2b-8256ccdab3ca
|t 0
|
| 952 |
f |
f |
|p normal
|a Texas A&M University
|b College Station
|c Sterling C. Evans Library
|d Evans: Texas Documents (Annex 5th floor)
|t 0
|e Z TA245.7 B873 no.576-590
|h Superintendent of Documents classification
|i unmediated -- volume
|k no.576-590
|l 1939:Aug-1940:Aug
|m A14821752449
|
| 952 |
f |
f |
|a Texas A&M University
|b College Station
|c Sterling C. Evans Library
|d Evans: Texas Documents (Annex 5th floor)
|t 0
|e Z TA245.7 B873 no.576-590
|h Superintendent of Documents classification
|
| 998 |
f |
f |
|a Z TA245.7 B873 no.576-590
|s 576-590
|t 0
|l Evans: Texas Documents (Annex 5th floor)
|